000
00318nam a22001217a 4500
008
240430b |||||||| |||| 00| 0 eng d
020
_a
978-81-894-11-13-8
100
_a
R. M. Jalnekar & J.S. Chitode
245
_a
Network Analysis and Synthesis
260
_a
Pune
_b
Technical
_c
2009
300
_a
853
942
_2
ddc
_c
BK
999
_c
20619
_d
20619